[Event "Soh Ddecker 8"]
[Site "http://www.queenalice.com/game.php?id=1491011"]
[Date "2017.8.21"]
[Round "-"]
[White "ddecker419"]
[Black "SohWhardego"]
[Result "0-1"]
[WhiteElo "1180"]
[BlackElo "1684"]

1. e4 e5 2. c4 Nf6 3. d3 Bc5 4. d4 exd4 5. Nf3 Nc6 6. e5 Ne4 7. Qe2 Bb4+ 8. Nfd2
Qg5 9. f3 Qh4+ 10. g3 Nxg3 11. Qg2 Nxh1+ 0-1

[Event "Soh Ddecker 9"]
[Site "http://www.queenalice.com/game.php?id=1496778"]
[Date "2017.9.28"]
[Round "-"]
[White "ddecker419"]
[Black "SohWhardego"]
[Result "1-0"]
[WhiteElo "1204"]
[BlackElo "1707"]

1. e4 b6 2. d4 Bb7 3. d5 Nf6 4. Nc3 Ba6 5. Be2 e5 6. Nf3 Ng4 7. Ng5 Nxf2 8. Kxf2
Qf6+ 9. Ke1 Bc5 10. Rf1 Qe7 11. Rxf7 Qxf7 12. Nxf7 O-O 13. Bh5 d6 14. Bh6 gxh6
15. Qg4# 1-0

[Event "AUTO-INT-3207"]
[Site "http://www.queenalice.com/game.php?id=1497621"]
[Date "2017.10.4"]
[Round "2"]
[White "SohWhardego"]
[Black "CordeiroNeto"]
[Result "1-0"]
[WhiteElo "1747"]
[BlackElo "1595"]

1. e4 e5 2. Nf3 Nc6 3. Bc4 h6 4. b3 Nf6 5. d3 Bc5 6. Be3 Bxe3 7. fxe3 a6 8. d4
d6 9. Nc3 O-O 10. Nd5 Nxe4 11. O-O Be6 12. Qd3 Nf6 13. Nxf6+ Qxf6 14. Nxe5 1-0

[Event "AUTO-INT-3207"]
[Site "http://www.queenalice.com/game.php?id=1497622"]
[Date "2017.10.4"]
[Round "2"]
[White "CordeiroNeto"]
[Black "SohWhardego"]
[Result "0-1"]
[WhiteElo "1606"]
[BlackElo "1736"]

1. e4 e5 2. Nf3 Nf6 3. Nc3 Nc6 4. Bb5 Bb4 5. a3 Bxc3 6. Bxc6 bxc6 7. dxc3 d6 8.
Qe2 O-O 9. O-O Rb8 10. b4 Bg4 11. h3 Bh5 12. Be3 Nxe4 13. g4 Bg6 0-1

[Event "AUTO-ADV-3938"]
[Site "http://www.queenalice.com/game.php?id=1504049"]
[Date "2017.11.17"]
[Round "1"]
[White "Orly"]
[Black "SohWhardego"]
[Result "1-0"]
[WhiteElo "1876"]
[BlackElo "1763"]

1. e4 e5 2. Bc4 Nf6 3. d3 Bb4+ 4. Bd2 Nc6 5. Bxb4 Nxb4 6. Nf3 d5 7. exd5 Nfxd5
8. a3 Nc6 9. O-O Bg4 10. Nc3 Nd4 11. Bxd5 c6 12. Bxf7+ Kxf7 13. Nxe5+ Kf8 14.
Nxg4 Qg5 15. Ne4 Qe7 16. c3 Nf5 17. Qf3 g6 18. Rae1 h5 19. Ng3 Qg5 20. Ne3 Kg7
21. Nexf5+ gxf5 22. Nxf5+ Kg6 23. Ne7+ Kg7 24. Nf5+ 1-0

[Event "AUTO-ADV-3938"]
[Site "http://www.queenalice.com/game.php?id=1504050"]
[Date "2017.11.17"]
[Round "1"]
[White "SohWhardego"]
[Black "Orly"]
[Result "0-1"]
[WhiteElo "1756"]
[BlackElo "1877"]

1. e4 e5 2. Nf3 Nc6 3. Bc4 Be7 4. d4 exd4 5. Nxd4 Nf6 6. Nc3 d6 7. O-O Ne5 8.
Bb5+ c6 9. Ba4 O-O 10. Re1 Bd7 11. Nf5 b5 12. Bb3 Bxf5 13. exf5 b4 14. Ne4 d5
15. Ng5 Nfd7 16. Bxd5 Bxg5 17. f4 cxd5 18. fxg5 Qb6+ 19. Be3 Qd6 20. Qd4 Rfe8
21. b3 Nc6 22. Qh4 Re4 23. Qh5 Rae8 24. Re2 Rxe3 25. Rae1 Qc5 26. g6 Rh3+ 27.
Kh1 Rxh5 28. Rxe8+ Nf8 29. Rc8 fxg6 30. fxg6 hxg6 31. Re6 Qxc2 32. h3 Qc1+ 33.
Kh2 Qf4+ 34. Kg1 Nd4 35. Ree8 Ne2+ 36. Rxe2 Qd4+ 37. Rf2 Rf5 38. Rc2 Rxf2 39.
Rxf2 Ne6 40. Kf1 Qd1# 0-1

[Event "AUTO-ADV-3938"]
[Site "http://www.queenalice.com/game.php?id=1504061"]
[Date "2017.11.17"]
[Round "1"]
[White "Lopesq"]
[Black "SohWhardego"]
[Result "1-0"]
[WhiteElo "2163"]
[BlackElo "1727"]

1. d4 Nf6 2. Nf3 b6 3. Bf4 e6 4. e3 Bb7 5. Be2 Bb4+ 6. c3 Bd6 7. Bxd6 cxd6 8.
Nbd2 O-O 9. O-O d5 10. Re1 Ne4 11. Bf1 Nc6 12. Nb3 Ne7 13. Qc2 Nf5 14. Nbd2 Nh4
15. a4 Nxd2 16. Nxd2 Qg5 17. Qd1 Ba6 18. Nf3 Nxf3+ 19. Qxf3 Bxf1 20. Rxf1 f5 21.
Rac1 Rac8 22. Qe2 f4 23. exf4 Rxf4 24. Ra1 a5 25. Qa6 Rcf8 26. Qxb6 Qf5 27. f3
Qc2 28. Rf2 Qg6 29. Qxa5 h5 30. Qb5 R8f7 31. a5 d6 32. a6 h4 33. a7 Rxa7 34.
Rxa7 Qb1+ 35. Rf1 Qc2 36. Qe8+ Kh7 37. Qh5+ Kg8 38. Ra8+ Rf8 39. Rxf8+ Kxf8 40.
Ra1 Qxb2 41. Ra8+ Ke7 42. Ra7+ Kd8 43. Qh8# 1-0

[Event "AUTO-ADV-3938"]
[Site "http://www.queenalice.com/game.php?id=1504062"]
[Date "2017.11.17"]
[Round "1"]
[White "SohWhardego"]
[Black "Lopesq"]
[Result "0-1"]
[WhiteElo "1729"]
[BlackElo "2149"]

1. e4 c5 2. c4 Nc6 3. Nc3 e6 4. Nf3 Be7 5. d3 d6 6. Be2 a6 7. O-O Nf6 8. Ng5 Ne5
9. Bf4 h6 10. Bxe5 dxe5 11. Nxf7 Kxf7 12. Bh5+ Kg8 13. Bg6 Bd7 14. Qf3 Qf8 15.
Qg3 Bd6 16. f4 exf4 17. Qf3 e5 18. Nd5 Bg4 19. Qf2 Bh5 20. Bf5 Nxd5 21. Be6+ Bf7
22. Bxd5 Bxd5 23. cxd5 b6 24. b4 Kh7 25. Rfc1 Rg8 26. Rab1 g6 27. bxc5 Bxc5 28.
Rxc5 bxc5 29. Rb6 Rc8 30. Rxa6 c4 31. d6 cxd3 32. d7 Rc1+ 33. Qf1 Rxf1+ 34. Kxf1
d2 35. Ke2 Qc5 36. Kxd2 Rb8 37. Ke2 Qc4+ 38. Kf3 Qxa6 39. g4 Qd3+ 40. Kf2 Qe3+
41. Kf1 Rb1+ 42. Kg2 Rb2+ 43. Kf1 Qc1# 0-1

[Event "AUTO-ADV-3938"]
[Site "http://www.queenalice.com/game.php?id=1504067"]
[Date "2017.11.17"]
[Round "1"]
[White "bobifixer"]
[Black "SohWhardego"]
[Result "1-0"]
[WhiteElo "1809"]
[BlackElo "1718"]

1. g3 d5 2. d4 Nc6 3. Nf3 Bg4 4. Bg2 e6 5. O-O Nf6 6. Bg5 h6 7. Bxf6 Qxf6 8. c3
O-O-O 9. Nbd2 e5 10. dxe5 Nxe5 11. Nxe5 Qxe5 12. Nf3 Qe4 13. Nd4 Qe8 14. Re1 Bc5
15. Qc2 Qd7 16. b4 Bb6 17. a4 a5 18. b5 g5 19. e4 Bh3 20. exd5 Bxg2 21. Kxg2
Qxd5+ 22. Kg1 Qc4 23. Nf5 Kb8 24. Rac1 Qc5 25. Nd4 Rhf8 26. Qh7 Qd6 27. Rcd1 Qg6
28. Qxg6 fxg6 29. Kg2 c5 30. Nf3 g4 31. Rxd8+ Rxd8 32. Ne5 Re8 33. Nd7+ Kc7 34.
Rxe8 Kxd7 35. Rg8 g5 36. Rg7+ Kc8 37. Rg6 Bc7 38. Rxh6 Be5 39. c4 Bg7 40. Rg6
Bd4 41. Rxg5 1-0

[Event "AUTO-ADV-3938"]
[Site "http://www.queenalice.com/game.php?id=1504068"]
[Date "2017.11.17"]
[Round "1"]
[White "SohWhardego"]
[Black "bobifixer"]
[Result "0-1"]
[WhiteElo "1706"]
[BlackElo "1827"]

1. e4 c5 2. Nf3 d6 3. Bb5+ Bd7 4. Nc3 Nf6 5. d3 e6 6. O-O Be7 7. Ng5 h6 8. Nxf7
Kxf7 9. Qf3 Bxb5 10. Nxb5 Nc6 11. c3 a6 12. Na3 Ne5 13. Qh3 Qd7 14. Nc4 Nxc4 15.
dxc4 Rhf8 16. Re1 Kg8 17. Bf4 Rad8 18. Rad1 Qc8 19. e5 dxe5 20. Bxe5 Nh7 21. Qg3
Nf6 22. Qg6 Qc6 23. f3 Qa4 24. b3 Qxa2 25. g4 Qxb3 26. Rb1 Qxc4 27. Rxb7 Rf7 28.
Rxe7 Rxe7 29. Bxf6 Red7 30. Bxd8 Rxd8 31. Kg2 a5 32. Rxe6 Qxc3 33. Re7 Qd2+ 34.
Kg3 Qd4 35. h4 c4 36. Re4 Qg1+ 37. Kf4 Rf8+ 38. Ke5 Qc5+ 0-1

[Event "AUTO-INT-3265"]
[Site "http://www.queenalice.com/game.php?id=1505658"]
[Date "2017.11.25"]
[Round "2"]
[White "SohWhardego"]
[Black "od_xavier"]
[Result "1-0"]
[WhiteElo "1719"]
[BlackElo "1560"]

1. e4 e6 2. d4 Qe7 3. c3 d5 4. e5 a6 5. Nf3 h6 6. Bd3 b5 7. O-O Bb7 8. a4 Nd7 9.
axb5 axb5 10. Rxa8+ Bxa8 11. Bxb5 c6 12. Bd3 f6 13. Bg6+ Kd8 14. Qa4 Nb6 15. Qa6
Qb7 16. Qxb7 Bxb7 17. Bf4 f5 18. Nbd2 Ne7 19. Bf7 g5 20. Nxg5 hxg5 21. Bxg5 Rh7
22. Bxe6 f4 23. Ra1 Ke8 24. Bxf4 Ng6 25. Bf5 Kf7 26. Ra7 Kg8 27. Bxg6 Rg7 28.
Bf5 Nc4 29. Nxc4 dxc4 30. e6 c5 31. f3 cxd4 32. Be5 Re7 33. Bxd4 Bh6 34. Be4
Rxe6 35. Rxb7 Ra6 36. Rb8+ Kf7 37. Bd5+ Ke7 38. Bxc4 Ra1+ 39. Kf2 Kd7 40. Rb7+
Kc8 41. Rh7 Bc1 42. Bf6 Bxb2 43. Be6+ Kb8 44. Be5+ Ka8 45. Bd5# 1-0

[Event "AUTO-INT-3265"]
[Site "http://www.queenalice.com/game.php?id=1505659"]
[Date "2017.11.25"]
[Round "2"]
[White "od_xavier"]
[Black "SohWhardego"]
[Result "1-0"]
[WhiteElo "1487"]
[BlackElo "1745"]

1. c4 Nf6 2. Nc3 d5 3. cxd5 Nxd5 4. Nxd5 Qxd5 5. b3 e5 6. Qc2 Bb4 7. Qxc7 O-O 8.
Nf3 Rd8 9. e3 Rd7 10. Qxc8+ Rd8 11. Qf5 g6 12. Qf6 e4 13. Bc4 Qd7 14. Nd4 Nc6
15. Bb2 Bxd2+ 16. Kxd2 Qg4 17. Qxf7+ Kh8 18. Qxb7 Nxd4 19. Bxd4+ Rxd4+ 20. exd4
Qf4+ 21. Ke2 Rf8 22. Raf1 Qg4+ 23. Ke1 Qxg2 24. Rhg1 Qxh2 25. Qxe4 Kg7 26. Rh1
Qd6 27. Qb7+ Rf7 28. Qxf7+ 1-0

[Event "AUTO-INT-3265"]
[Site "http://www.queenalice.com/game.php?id=1519870"]
[Date "2018.3.16"]
[Round "3"]
[White "SohWhardego"]
[Black "Vilnius"]
[Result "0-1"]
[WhiteElo "1723"]
[BlackElo "2010"]

1. d4 d5 2. Nc3 Nf6 3. Bf4 a6 4. Nf3 h6 5. Ne5 Bf5 6. f3 e6 7. e4 dxe4 8. fxe4
Nxe4 9. Nxe4 Bxe4 10. Qe2 Bc6 11. O-O-O Bd6 12. Qh5 Qe7 13. Kb1 Nd7 14. Nxf7
Qxf7 15. Qxf7+ Kxf7 16. g3 Bxh1 17. Bd3 Bxf4 18. gxf4 Bc6 19. Bc4 Bd5 20. Be2 c5
21. Bg4 cxd4 22. Rxd4 b5 23. f5 Rac8 24. fxe6+ Bxe6 0-1